| 000 | 01853cam a2200517 a 4500 | ||
|---|---|---|---|
| 001 | 20658 | ||
| 003 | VRT | ||
| 005 | 20260128145901.0 | ||
| 008 | 251029s2016 vp g 000 j slo | ||
| 015 | _aSNBZSA2021/03 | ||
| 020 |
_a9788651703129 _q(brož.) |
||
| 039 | 9 |
_a202510291317 _bVLOAD _c202403182252 _dVLOAD _c202103151756 _dmsnk18 _c202103151633 _dmsnk18 |
|
| 040 |
_aTTKJF _bslo _cTTKJF _dSNK _eAACR2 |
||
| 041 | 0 | _aslo | |
| 044 |
_arb _cRS _axo _cSK |
||
| 072 | 7 |
_a821.162.4-3 _xSlovenská próza _2konspekt |
|
| 080 |
_a821.162.4-32 _22011 |
||
| 080 |
_a(082.21) _22011 |
||
| 080 |
_a(0:82-32) _22011 |
||
| 080 |
_a(0:82-4) _22011 |
||
| 100 | 1 |
_aTajovský, Jozef Gregor, _d1874-1940 _4aut |
|
| 245 | 1 | 0 |
_aMaco Mlieč ; Mamka Pôstková ; Horký chlieb _cJozef Gregor Tajovský |
| 250 | _a1. vyd. | ||
| 260 |
_a[Beograd] _bLiber Novus _a[Bratislava] _bRingier Axel Springer Slovakia _c[2016] |
||
| 300 |
_a62 s. _c21 cm |
||
| 490 | 1 |
_aSlovenská klasika _v8 |
|
| 490 | 1 | _aNový čas Knižnica | |
| 500 | _aDokument obsahuje 3 diela | ||
| 500 | _aKniha je vyrobená exkluzívne pre denník Nový čas v rámci projektu Nový čas Knižnica | ||
| 500 | _aArchaizmy: s. 60-62 | ||
| 655 | 7 |
_aslovenské poviedky _2SNKPH |
|
| 655 | 7 |
_aSlovak stories _2SNKPHeng |
|
| 655 | 7 |
_avýbery _2SNKPH |
|
| 655 | 7 |
_aSelectionss _2SNKPHeng |
|
| 655 | 7 |
_ačrty _2SNKPH |
|
| 655 | 7 |
_aLiterary sketches _2SNKPHeng |
|
| 740 | 0 | 2 | _aMamka Pôstková |
| 740 | 0 | 2 | _aHorký chlieb |
| 810 | 2 |
_aNový čas _tKnižnica |
|
| 830 | 0 | _aSlovenská klasika | |
| 942 |
_2ddc _cKLDO _n0 |
||
| 949 |
_617A1390017 _asnkSC 186147 _bsnk2019/25491 _o1744/19+1 mpl _s6100:20210729 |
||
| 949 |
_617A1390018 _asnkSC 186147 D1 _bsnk2019/25494 _o1744/19+1 mpl |
||
| 949 |
_6270001000530542 _asvkbbA 147945 _bsvkbbm 761846 |
||
| 999 |
_c20658 _d20658 |
||